000 00395 a2200157 4500
001 9825
082 _a621.3848 KIN
090 _c7728
_d7728
100 _aKingsley, Simon
245 _aUnderstanding Radar System, 1st Ed
_cSimon Kingsley
250 _a1
260 _aNJ
_bMc Graw Hill
_c1993
300 _a387 .p.
_bphotocopy
500 _aBE textbook Avionics
600 _aShaun Quegan
942 _aNUST-CAE
_k621.3848 KIN
999 _c244898
_d244898